Alle Songs aus dem Album "Alles Nix Konkretes" von AnnenMayKantereit - Statistiken

Allgemein
  • Dieses Quiz wurde 64 mal gespielt
  • Das Durchschnittsergebnis liegt bei 6 aus 12
Antwortstatistiken
Songtitel % Korrekt
Pocahontas
88%
Barfuß am Klavier
80%
Oft gefragt
75%
21, 22, 23
65%
Das Krokodil
59%
3. Stock
53%
Bitte bleib
41%
Neues Zimmer
37%
Länger bleiben
35%
Mir wär' lieber, du weinst
33%
Es geht mir gut
31%
Wohin du gehst
31%
Keine übereinstimmenden Quizze gefunden
Verteilung der Resultate
Anzahl Personen mit jedem Resultat
Perzentil nach korrekt beantworteten Fragen
Ihre Resultats-Entwicklung
Sie haben dieses Quiz noch nicht gespielt